000 00663nam a2200217 a 4500
008
020 _a8186321330 (pbk.)
049 _aMAIN
090 _aTJ227LAK
100 1 _aLakshminarayanani, V.
245 1 0 _aA text book of machine drawing :
_bwith computer graphics and AutoCAD /
_cV. Lakshiminarayanan and M.L. Manur.
260 _aNew Delhi :
_bJain Brothers,
_c2002.
300 _axii, 667 p. :
_bill. ;
_c25 cm.
500 _aIncludes index.
650 _aComputer graphics.
907 _a.b10126314
_b20-06-06
_c11-06-04
003
005 20230123133737.0
040 _cNUST
942 _cBOOKS
_kTJ227LAK
999 _c153878
_d153878